000 00228 a2200097 4500
001 62523
082 _a954.9358 PAF
090 _c37166
_d37166
245 _aThe story of the Pakistan Air Force
260 _aPAF
_bPAF Book Club
942 _aNUST-CAE
_k954.9358 PAF
999 _c297596
_d297596